| 000 | 00550nam a2200217Ia 4500 | ||
|---|---|---|---|
| 008 | 180523s9999 xx 000 0 und d | ||
| 020 | _a981-247-098-0 | ||
| 050 | _aMAIN QA 303.2 | ||
| 050 | _b.E39 2002 | ||
| 100 | _aEdwards, C. Henry. | ||
| 245 | 0 | _aCalculus / | |
| 245 | 0 | _cC. Henry Edwards, David E. Penney. | |
| 260 | _aSingapore : | ||
| 260 | _bPearson Education South Asia, | ||
| 260 | _c2003 | ||
| 300 | _a1074 pages : | ||
| 300 | _billustrations ; | ||
| 300 | _c26 cm. | ||
| 650 | _aCalculus. | ||
| 650 | _xGeometry, Analytic. | ||
| 999 |
_c357462 _d357462 |
||